[Event "Championnat de France - Accession"]
[Site "NANCY"]
[Date "2013.08.20"]
[Round "8.9"]
[White "Claverie, Christophe"]
[Black "Ider, Borya"]
[Result "1-0"]
[WhiteElo "2323"]
[BlackElo "2388"]
[Annotator "Rivier,Sylvain"]
[PlyCount "66"]
[EventDate "2013.??.??"]

1. Nf3 Nf6 2. g3 e6 3. Bg2 b5 4. O-O Bb7 5. d4 c5 6. c3 Be7 7. a4 b4 8. Bg5
cxd4 9. cxd4 O-O 10. Nbd2 h6 11. Bxf6 Bxf6 12. a5 d5 13. Qa4 Qd6 14. Rfc1 a6
15. Ne5 Ra7 16. f4 Bc8 17. e3 Bd7 18. Nxd7 Rxd7 19. Nb3 Ra7 20. Nc5 Nc6 21. Ne4
dxe4 22. Rxc6 Qd7 23. Rc4 Qd5 24. Qc6 Qh5 25. Qxe4 b3 26. Bf3 Qb5 27. Qc6 Bd8
28. Qxb5 axb5 29. Rb4 Rxa5 30. Rxa5 Bxa5 31. Rxb5 Bd2 32. Kf2 Rc8 33. Rxb3 Ba5
{suite illisible} 1-0

[Event "Championnat de France - Accession"]
[Site "NANCY"]
[Date "2013.08.20"]
[Round "8.10"]
[White "Kirszenberg, Marc"]
[Black "Jolly, Jean-Francois"]
[Result "0-1"]
[WhiteElo "2178"]
[BlackElo "2378"]
[PlyCount "110"]
[EventDate "2013.??.??"]

1. d4 Nf6 2. c4 g6 3. Nc3 d5 4. Nf3 Bg7 5. Bg5 c5 6. dxc5 Qa5 7. cxd5 Nxd5 8.
Qxd5 Bxc3+ 9. Bd2 Be6 10. Qxb7 Bxd2+ 11. Nxd2 O-O 12. b4 Qa4 13. e3 Nd7 14. a3
Rfd8 15. Bb5 Qc2 16. Bxd7 Bxd7 17. Qe4 Qc3 18. Qd4 Qc2 19. Qe4 Qa4 20. Rc1 Bf5
21. Qc4 Qxa3 22. Qc3 Qxc3 23. Rxc3 Rab8 24. e4 Bc8 25. Ke2 Rxb4 26. Ke3 e5 27.
Ra1 f5 28. f3 f4+ 29. Ke2 Be6 30. Rc2 Rd7 31. c6 Rc7 32. Ra5 Rb6 33. Kd3 a6 34.
Rac5 Kf8 35. Nc4 Rbxc6 36. Rxc6 Rxc6 37. Nxe5 Rxc2 38. Kxc2 Ke7 39. Kc3 Kd6 40.
Nd3 g5 41. Kb4 Bd7 42. Kc4 Bb5+ 43. Kd4 a5 44. h4 gxh4 45. Nxf4 Bf1 46. e5+ Kd7
47. Kc5 a4 48. Kb4 Bxg2 49. Nxg2 h3 50. e6+ Ke7 51. Ne3 h2 52. Nf5+ Kxe6 53.
Ng3 Ke5 54. Kxa4 Kf4 55. Nh1 Kxf3 0-1

[Event "Championnat de France - Accession"]
[Site "NANCY"]
[Date "2013.08.21"]
[Round "9.1"]
[White "Chabanon, Jean-Luc"]
[Black "Roser, Kevin"]
[Result "1/2-1/2"]
[WhiteElo "2473"]
[BlackElo "2413"]
[PlyCount "80"]
[EventDate "2013.??.??"]

1. d4 Nf6 2. Nf3 e6 3. g3 b5 4. Bg2 Bb7 5. O-O c5 6. c3 Na6 7. Bg5 Be7 8. Nbd2
O-O 9. e3 h6 10. Bxf6 Bxf6 11. Qe2 Rb8 12. Qxb5 Bxf3 13. Qxa6 Bxg2 14. Kxg2
Rxb2 15. Nc4 Qa8+ 16. Kg1 Rc2 17. Rac1 Rxc1 18. Rxc1 Qc8 19. Qxc8 Rxc8 20. Nd6
Rc6 21. Ne4 cxd4 22. Nxf6+ gxf6 23. exd4 d5 24. Kf1 e5 25. Rd1 Rxc3 26. dxe5
fxe5 27. Rxd5 Ra3 28. Rxe5 Rxa2 29. g4 Kg7 30. Kg2 Ra4 31. Kg3 Ra3+ 32. f3 a5
33. Rc5 a4 34. Ra5 Ra1 35. Ra6 Rg1+ 36. Kf2 Ra1 37. h4 a3 38. Kg3 a2 39. Kf4
Rh1 40. Rxa2 Rxh4 1/2-1/2

[Event "Championnat de France - Accession"]
[Site "NANCY"]
[Date "2013.08.21"]
[Round "9.2"]
[White "Lazarev, Vladimir"]
[Black "Lagarde, Maxime"]
[Result "0-1"]
[WhiteElo "2410"]
[BlackElo "2526"]
[PlyCount "112"]
[EventDate "2013.??.??"]

1. d4 Nf6 2. c4 e6 3. Nc3 Bb4 4. Qc2 O-O 5. a3 Bxc3+ 6. Qxc3 b5 7. cxb5 c6 8.
Bg5 cxb5 9. e3 Bb7 10. f3 a6 11. Bd3 h6 12. Bh4 d6 13. Bxf6 gxf6 14. Ne2 f5 15.
O-O Nd7 16. a4 Qg5 17. Qd2 Nb6 18. axb5 axb5 19. Rxa8 Rxa8 20. Nf4 e5 21. Nh3
Qg7 22. Bxb5 f4 23. e4 Bc8 24. Nf2 exd4 25. Qxf4 Qe5 26. Qg3+ Qxg3 27. hxg3 Ra5
28. Bd3 d5 29. Rc1 Be6 30. Rc6 dxe4 31. Nxe4 Ra1+ 32. Kh2 Nd5 33. Rd6 Ne3 34.
Rxd4 Ra2 35. Nf6+ Kf8 36. Re4 Nd1 37. b4 Nf2 38. Rxe6 fxe6 39. Bc4 Rb2 40. b5
Nd1 41. Kh3 Ne3 42. Bxe6 Rxb5 43. Bg4 Rb1 44. Kh2 Rb2 45. Kh3 Kf7 46. Ne4 Nxg2
47. Bh5+ Kg7 48. f4 Ne3 49. Bf3 Nf1 50. Bg2 Ne3 51. Bf3 Rb3 52. g4 Nc2 53. Kg3
Nd4 54. Nd2 Ra3 55. Kf2 Ra2 56. Ke3 Nxf3 0-1

[Event "Championnat de France - Accession"]
[Site "NANCY"]
[Date "2013.08.21"]
[Round "9.3"]
[White "Dionisi, Thomas"]
[Black "Marzolo, Cyril"]
[Result "0-1"]
[WhiteElo "2316"]
[BlackElo "2449"]
[PlyCount "62"]
[EventDate "2013.??.??"]

1. e4 e6 2. d4 d5 3. Nc3 Nc6 4. Nf3 Nf6 5. Bg5 Be7 6. Bxf6 Bxf6 7. Bb5 dxe4 8.
Nxe4 Bd7 9. c3 Ne7 10. Bd3 Bc6 11. Qe2 Qd5 12. O-O Qh5 13. b4 O-O 14. b5 Bd5
15. c4 Bxe4 16. Qxe4 c6 17. Rab1 Rad8 18. Rfd1 Rd7 19. h4 Qh6 20. Bc2 Rfd8 21.
g3 Qg6 22. bxc6 bxc6 23. Qe2 Qg4 24. Rb3 g6 25. Re3 Bxd4 26. Re4 Qxg3+ 27. Kf1
Qh3+ 28. Kg1 Nf5 29. Ng5 Bxf2+ 30. Kxf2 Qh2+ 31. Ke1 Qg1+ 0-1

[Event "Championnat de France - Accession"]
[Site "NANCY"]
[Date "2013.08.21"]
[Round "9.4"]
[White "Barbot, Pierre"]
[Black "Velten, Paul"]
[Result "1/2-1/2"]
[WhiteElo "2360"]
[BlackElo "2430"]
[PlyCount "158"]
[EventDate "2013.??.??"]

1. e4 e6 2. d4 d5 3. Nc3 Nc6 4. Be3 Bb4 5. e5 Bd7 6. Bd3 Qe7 7. Nf3 Bxc3+ 8.
bxc3 Qa3 9. Qc1 Qxc1+ 10. Bxc1 Na5 11. Rb1 b6 12. Nd2 Ne7 13. Ba3 a6 14. f4 h5
15. Kf2 Ng8 16. c4 dxc4 17. Nxc4 Nxc4 18. Bxc4 Nh6 19. h3 Bc6 20. Be2 Nf5 21.
Rhd1 Rd8 22. c3 h4 23. Bb2 Rh6 24. Rbc1 Rg6 25. Bf1 Ng3 26. Bd3 Nh1+ 27. Rxh1
Rxg2+ 28. Ke3 Rxb2 29. Rhg1 g6 30. Rc2 Rxc2 31. Bxc2 Bd5 32. a3 Kd7 33. Rg4 Rh8
34. Bd3 b5 35. Be2 Kc6 36. Rg1 Kb6 37. Rb1 Bg2 38. Bg4 c5 39. dxc5+ Kxc5 40.
Rb2 Bd5 41. Be2 Rg8 42. Rb4 Bg2 43. Bg4 Rd8 44. a4 Bf1 45. Be2 Bxe2 46. Kxe2
Rd7 47. axb5 axb5 48. Re4 Rb7 49. Rd4 Ra7 50. Rd8 Ra3 51. Kd3 b4 52. Rc8+ Kd5
53. Rd8+ Kc6 54. Rc8+ Kd7 55. Rc4 bxc3 56. Rxc3 Ra1 57. Ke2 Rh1 58. Kf2 Rh2+
59. Kg1 Ra2 60. Rd3+ Ke7 61. Rf3 Kf8 62. Rf2 Ra3 63. Kg2 Rg3+ 64. Kh2 g5 65. f5
Ke7 66. fxe6 fxe6 67. Ra2 Re3 68. Ra7+ Kf8 69. Kg2 Rg3+ 70. Kh2 Rf3 71. Kg2 Rf4
72. Rb7 Rf5 73. Ra7 Rf7 74. Ra6 Kg7 75. Rxe6 Rf5 76. Ra6 Rxe5 77. Kf3 Rb5 78.
Kg4 Rb3 79. Kxg5 Rxh3 1/2-1/2

[Event "Championnat de France - Accession"]
[Site "NANCY"]
[Date "2013.08.21"]
[Round "9.5"]
[White "Mullon, Jean-Baptiste"]
[Black "Di Nicolantonio, Lucas"]
[Result "1-0"]
[WhiteElo "2411"]
[BlackElo "2310"]
[PlyCount "71"]
[EventDate "2013.??.??"]

1. e4 c5 2. Nf3 Nc6 3. Nc3 e6 4. d4 cxd4 5. Nxd4 Nf6 6. Ndb5 Bb4 7. a3 Bxc3+ 8.
Nxc3 d5 9. exd5 exd5 10. Bd3 O-O 11. O-O d4 12. Ne2 Bg4 13. f3 Bh5 14. Bg5 Re8
15. Qd2 Bg6 16. Rad1 Qb6 17. Bxf6 gxf6 18. Nf4 Rad8 19. b4 Re3 20. Qf2 Ne5 21.
Rd2 Kh8 22. Rfd1 Bxd3 23. cxd3 Ng6 24. Ne2 Rde8 25. Ng3 Qe6 26. f4 Qg4 27. Rf1
f5 28. Rc2 Rxd3 29. Rc4 Rd8 30. Qc2 Re3 31. Rc8 Ree8 32. Rxd8 Rxd8 33. Qc7 Rf8
34. Qd6 h5 35. Qf6+ Kh7 36. Nxf5 1-0

[Event "Championnat de France - Accession"]
[Site "NANCY"]
[Date "2013.08.21"]
[Round "9.6"]
[White "Migot, Tangi"]
[Black "Moussard, Jules"]
[Result "1/2-1/2"]
[WhiteElo "2339"]
[BlackElo "2442"]
[PlyCount "120"]
[EventDate "2013.??.??"]

1. d4 d5 2. c4 c5 3. cxd5 Qxd5 4. Nf3 cxd4 5. Nc3 Qa5 6. Nxd4 Nf6 7. Nb3 Qc7 8.
Bg5 e5 9. g3 Qc6 10. Bxf6 gxf6 11. Nd5 Bb4+ 12. Nxb4 Qxh1 13. Qd6 Be6 14. Nc5
Nc6 15. Nxe6 fxe6 16. Qxe6+ Ne7 17. Qxf6 Rf8 18. Qxe5 Qxh2 19. Nd5 Qxf2+ 20.
Kd2 Rf7 21. Qh8+ Kd7 22. Qxa8 Qd4+ 23. Ke1 Nxd5 24. Qxb7+ Ke8 25. Qb8+ Ke7 26.
Rc1 Qf2+ 27. Kd2 Qe3+ 28. Kc2 Qe4+ 29. Kb3 Qe3+ 30. Kc2 Rxf1 31. Qb7+ Kd6 32.
Qb8+ Nc7 33. Qb4+ Ke5 34. Rxf1 Qxe2+ 35. Qd2 Qxf1 36. Qe3+ Kd6 37. Qh6+ Ne6 38.
Qxh7 Qf2+ 39. Kd1 Qf1+ 40. Kd2 Qf2+ 41. Kd1 Nd4 42. Qh6+ Kc5 43. Qg5+ Kc4 44.
Qc1+ Kd5 45. Qg5+ Kc4 46. Qc1+ Kd3 47. Qc3+ Ke4 48. Qe1+ Qxe1+ 49. Kxe1 Kd3 50.
Kf2 a5 51. g4 Ne6 52. b3 Nc5 53. Ke1 Kc3 54. g5 Nd3+ 55. Kd1 Kb2 56. g6 Nf2+
57. Ke2 Ng4 58. g7 Nf6 59. Kd3 Kxa2 60. Kc4 Ka3 1/2-1/2

[Event "Championnat de France - Accession"]
[Site "NANCY"]
[Date "2013.08.21"]
[Round "9.7"]
[White "Jolly, Jean-Francois"]
[Black "Navrotescu, Catalin"]
[Result "1-0"]
[WhiteElo "2378"]
[BlackElo "2363"]
[PlyCount "107"]
[EventDate "2013.??.??"]

1. e4 e6 2. d4 d5 3. Nd2 Nf6 4. e5 Nfd7 5. Bd3 c5 6. c3 Nc6 7. Ne2 cxd4 8. cxd4
f6 9. exf6 Nxf6 10. Nf3 Bd6 11. O-O O-O 12. Bf4 Bxf4 13. Nxf4 Ne4 14. Qc1 Ng5
15. Nxg5 Qxg5 16. Ne2 Qf6 17. Qd2 Bd7 18. Bb5 Nb8 19. a4 Qf7 20. Nc3 a6 21.
Bxd7 Qxd7 22. a5 Nc6 23. Na4 Qd6 24. f4 Qb4 25. Qxb4 Nxb4 26. Nc5 Rfe8 27. Kf2
Nc6 28. Ke3 Nxa5 29. Rxa5 b6 30. Rxa6 bxc5 31. Rxa8 cxd4+ 32. Kxd4 Rxa8 33. b4
Kf7 34. Rc1 Ra2 35. b5 Rxg2 36. Rb1 Rc2 37. Rb4 Kf6 38. b6 Rc8 39. b7 Rb8 40.
Kc5 h6 41. Kc6 g5 42. Kc7 Rxb7+ 43. Kxb7 g4 44. Kc6 Kf5 45. Kd6 h5 46. Rb8 Kxf4
47. Kxe6 d4 48. Rf8+ Kg5 49. Ke5 Kh4 50. Kxd4 Kh3 51. Rh8 Kxh2 52. Rxh5+ Kg2
53. Ke3 Kg3 54. Ke2 1-0

[Event "Championnat de France - Accession"]
[Site "NANCY"]
[Date "2013.08.21"]
[Round "9.8"]
[White "Crut, Aurelien"]
[Black "Claverie, Christophe"]
[Result "0-1"]
[WhiteElo "2373"]
[BlackElo "2323"]
[PlyCount "124"]
[EventDate "2013.??.??"]

1. e4 c5 2. Nf3 d6 3. Bb5+ Nd7 4. d4 cxd4 5. Qxd4 e5 6. Qd3 h6 7. Nc3 Ngf6 8.
Be3 Be7 9. Bc4 a6 10. a4 O-O 11. O-O Qc7 12. a5 Nc5 13. Bxc5 Qxc5 14. Nd5 Nxd5
15. Bxd5 Rb8 16. c3 Be6 17. b4 Qc7 18. Rfc1 Rfe8 19. c4 b5 20. axb6 Rxb6 21.
Rab1 Bxd5 22. Qxd5 Reb8 23. c5 Rxb4 24. Rxb4 Rxb4 25. c6 Rb5 26. Qd3 Bd8 27. g3
Qb8 28. Kg2 Be7 29. Nd2 Qb6 30. Rc2 Qd4 31. Qxd4 exd4 32. Nf3 d3 33. Rd2 Rc5
34. Rxd3 Rxc6 35. Nd4 Rc4 36. Kf3 g6 37. Ne2 Rc2 38. Rb3 Kg7 39. h4 h5 40. Ra3
a5 41. Rb3 Rc4 42. Nc3 Bd8 43. Ra3 Kf6 44. Ke2 Ke5 45. Kd3 Rd4+ 46. Ke2 f5 47.
f4+ Ke6 48. exf5+ Kxf5 49. Nb5 Rd5 50. Nc3 Rc5 51. Kd3 Bf6 52. Ne4 Rd5+ 53. Ke3
Bd4+ 54. Kf3 Bc5 55. Nxc5 Rxc5 56. Ke3 Rd5 57. Rb3 a4 58. Rb6 Ra5 59. Rxd6 a3
60. Rd1 a2 61. Ra1 Kg4 62. Kf2 Ra3 0-1

[Event "Championnat de France - Accession"]
[Site "NANCY"]
[Date "2013.08.21"]
[Round "9.9"]
[White "Loiseau, Quentin"]
[Black "Shirazi, Kamran"]
[Result "0-1"]
[WhiteElo "2388"]
[BlackElo "2406"]
[Annotator "Rivier,Sylvain"]
[PlyCount "59"]
[EventDate "2013.??.??"]

1. d4 d6 2. e4 Nd7 3. Nc3 e5 4. f4 exd4 5. Qxd4 Ngf6 6. Nf3 c6 7. Be3 d5 8. e5
Ng4 9. Bg1 Nh6 10. O-O-O Nc5 11. Qd2 Be7 12. h3 Nf5 13. Bf2 h5 14. g3 h4 15. g4
Ng3 16. Rg1 b5 17. Nd4 b4 18. Nxc6 bxc3 19. Qxc3 Nce4 20. Qb3 Qb6 21. Qxd5 Qe3+
22. Kb1 Be6 23. Qb5 Qb6 24. f5 Qxb5 25. Bxb5 a6 26. fxe6 axb5 27. exf7+ Kxf7
28. e6+ Ke8 29. Rd7 Bf6 30. Rgd1 {suite illisible} 0-1

[Event "Championnat de France - Accession"]
[Site "NANCY"]
[Date "2013.08.21"]
[Round "9.10"]
[White "Brailly-Vignal, Bastien"]
[Black "Bellahcene, Bilel"]
[Result "1/2-1/2"]
[WhiteElo "2300"]
[BlackElo "2321"]
[PlyCount "79"]
[EventDate "2013.??.??"]

1. d4 d5 2. c4 e6 3. Nc3 c6 4. e4 Bb4 5. Bd3 dxc4 6. Bxc4 Nf6 7. Qd3 b5 8. Bb3
e5 9. d5 O-O 10. Bg5 h6 11. Bxf6 Qxf6 12. Qf3 Qg6 13. Nge2 Kh8 14. O-O f5 15.
Qg3 Qf6 16. exf5 Bxf5 17. dxc6 Nxc6 18. Nd5 Qd6 19. Rac1 Rad8 20. Qe3 Na5 21.
Nxb4 Qxb4 22. Qxe5 Nxb3 23. axb3 Qxb3 24. Rc7 Rd7 25. Nd4 Qd5 26. Qxd5 Rxd5 27.
Nxf5 Rfxf5 28. Rxa7 Rd2 29. b3 Rb2 30. g3 Rxb3 31. Re1 Rf8 32. Ree7 Rb1+ 33.
Kg2 Rb2 34. Rxg7 Rfxf2+ 35. Kh3 Rxh2+ 36. Kg4 Rb4+ 37. Kf5 Rf2+ 38. Ke5 Re2+
39. Kd5 Rd2+ 40. Ke5 1/2-1/2